000 00558cam a22002053a 4500
001 41977
003 PGUSA
005 20140828083939.0
008 130203s2013||||xxu|||||s|||||000 | eng d
040 _aPGUSA
_beng
042 _adc
245 1 0 _aOur Little Hindu Cousin
_h[electronic resource]
260 _bProject Gutenberg,
_c2013
506 _aPublic domain in the USA.
516 _aElectronic text
700 1 _aMcManus, Blanche,
_d1869-1935
830 0 _aProject Gutenberg
_v41977
856 4 0 _uhttp://www.gutenberg.org/ebooks/41977
942 _cEB
999 _c271229
_d271229